Formula One: Most Points per Race - Statistics

General Stats
  • This quiz has been taken 212 times
    190 since last reset
  • The average score is 26 of 30
Answer Stats
Points per Race Driver Nationality Active Years % Correct
14.21 Lewis Hamilton United Kingdom 2007-
100%
8.51 Charles Leclerc Monaco 2018-
99%
5.79 Fernando Alonso Spain 2001, 2003-2018, 2020-
99%
12.34 Max Verstappen Netherlands 2015-
99%
10.36 Sebastian Vettel Germany 2007-
99%
5.35 Kimi Räikkönen Finland 2001-2009, 2012-2021
98%
5.11 Sergio Peréz Mexico 2011-
98%
8.94 Valtteri Bottas Finland 2013-
98%
4.83 Carlos Sainz Spain 2015-
97%
5.65 Daniel Ricciardo Australia 2011-
97%
5.22 Lando Norris United Kingdom 2019-
97%
5.10 Michael Schumacher Germany 1991-2006, 2010-2012
97%
3.79 Alexander Albon Thailand 2019-2020, 2022-
96%
3.41 Alexander Albon Thailand 2019-2020, 2022-
96%
3.28 Esteban Ocon France 2016-2018, 2020-
94%
7.74 Nico Rosberg Germany 2006-2016
94%
3.59 George Russell United Kingdom 2019-
92%
3.81 Ayrton Senna Brazil 1984-1994
90%
4.34 Felipe Massa Brazil 2002, 2004-2017
90%
5.44 Juan Manuel Fangio Argentina 1950-1958
90%
4.01 Alain Prost France 1980-1991, 1993
89%
4.87 Mark Webber Australia 2002-2013
89%
4.04 Jenson Button United Kingdom 2000-2017
86%
4.38 Alberto Ascari Italy 1950-1955
77%
3.86 Giuseppe Farina Italy 1950-1956
77%
3.27 Juan Pablo Montoya Colombia 2001-2006
77%
3.81 Jim Clark United Kingdom 1960-1968
62%
3.64 Jackie Stewart United Kingdom 1965-1973
60%
4.57 Luigi Fagioli Italy 1950-1951
28%
3.80 Bill Vukovich United States 1950-1955
12%
No matching quizzes found
Score Distribution
Percent of People with Each Score
Percentile by Number Answered
Your Score History
You have not taken this quiz since the last reset